Pokemon 1. Generation nach Buchstabe G - Statistiken

Allgemein
  • Dieses Quiz wurde 38 mal gespielt
  • Das Durchschnittsergebnis liegt bei 9 aus 12
Antwortstatistiken
Antwort % Korrekt
Glumanda
97%
Glurak
97%
Glutexo
97%
Giflor
83%
Garados
79%
Gengar
72%
Georok
72%
Geowaz
72%
Galoppa
59%
Golbat
59%
Goldini
52%
Golking
52%
Keine übereinstimmenden Quizze gefunden
Verteilung der Resultate
Anzahl Personen mit jedem Resultat
Perzentil nach korrekt beantworteten Fragen
Ihre Resultats-Entwicklung
Sie haben dieses Quiz noch nicht gespielt